Представление документа в формате MARC21

Поле Инд. ПП Название Значение
Тип записи a
Библиографический уровень b
001 Контрольный номер UNIDUBNA40076a00ee874c6c8657253163e07647
005 Дата корректировки 20230130104803.9
008 Кодируемые данные 20170331
040 b Код языка каталог. rus
e Правила каталог. PSBO
041 0_ a Код языка текста rus
084 a Индекс другой классификации/Индекс ББК 67.404.12
100 1_ a Автор Стрельников П. А.
245 10 a Заглавие Защита прав собственности юридических лиц на недвижимость: обязательственные способы
520 0_ a Аннотация Право собственности как физических, так и юридических лиц является фундаментальным и охраняемым Конституцией Российской Федерации и нормативно-правовыми актами государства, а посягательства, нарушающие данное право, рассматриваются в судебном порядке. Стоит отметить, что существуют различные способы защиты прав собственности на недвижимость, среди которых обязательственные способы занимают самостоятельную нишу в правоприменительной практике. В настоящей статье сквозь призму сложившейся судебной практики и воззрений ученых раскрываются особенности обязательственных способов защиты прав собственности юридических лиц на недвижимое имущество, которые являются одними из незапрещенных и практикуемых. Целью данной статьи является выявление особенностей указанных способов защиты прав собственности юридических лиц на недвижимое имущество, а именно признания сделки недействительной и применения последствий ее недействительности, а также признания недействительным акта государственной регистрации прав на недвижимое имущество юридических лиц, включая оспаривание зарегистрированного права на недвижимое имущество юридических лиц. При выполнении данного исследования были использованы диалектический, формально-логический, формально-юридический, методы аналогии, моделирования и иные методы познания. Их применение позволило исследовать рассматриваемые обязательственные меры защиты прав собственности юридических лиц на недвижимое имущество во взаимосвязи, целостности и всесторонне. В результате исследования на основе позиций ученых и правовых позиций судов автором были сделаны выводы о правовых мерах защиты прав на недвижимость юридических лиц
650 14 a Основная рубрика гражданское право
a Основная рубрика право
a Основная рубрика право собственности
653 0_ a Ключевые слова вещные права
a Ключевые слова Гражданский кодекс РФ
a Ключевые слова защита прав юридических лиц
a Ключевые слова объекты права собственности
a Ключевые слова оспаривание права собственности
a Ключевые слова право на недвижимое имущество
a Ключевые слова признание сделок недействительными
773 08 t Заглавие источника Российская юстиция
d Дата издания источника 2021
g Прочая информация № 3. - С. 8 - 11
w Контрольный № источника b885f12bde384f57bfa824b25e31dd75
901 t Тип документа b